| 000 -LEADER |
| fixed length control field |
00444nam a22001457a 4500 |
| 020 ## - INTERNATIONAL STANDARD BOOK NUMBER |
| International Standard Book Number |
9789355820143 |
| 082 ## - DEWEY DECIMAL CLASSIFICATION NUMBER |
| Classification number |
B253x54 P953 |
| 100 ## - MAIN ENTRY--PERSONAL NAME |
| Personal name |
Pruseth, Sujit Kumar |
| 9 (RLIN) |
43371 |
| 245 ## - TITLE STATEMENT |
| Title |
Democratic governance or member control in cooperatives |
| Statement of responsibility, etc |
by Sujit Kumar Pruseth |
| 260 ## - PUBLICATION, DISTRIBUTION, ETC. (IMPRINT) |
| Place of publication, distribution, etc |
Odisha |
| Name of publisher, distributor, etc |
Urania |
| Date of publication, distribution, etc |
2022 |
| 300 ## - PHYSICAL DESCRIPTION |
| Extent |
187p. |
| 650 ## - SUBJECT ADDED ENTRY--TOPICAL TERM |
| Topical term or geographic name as entry element |
India - Politics and government |
| 9 (RLIN) |
43372 |
| 650 ## - SUBJECT ADDED ENTRY--TOPICAL TERM |
| Topical term or geographic name as entry element |
Democracy - India |
| 9 (RLIN) |
43373 |
| 650 ## - SUBJECT ADDED ENTRY--TOPICAL TERM |
| Topical term or geographic name as entry element |
Democracy |
| 9 (RLIN) |
43374 |